| 000 | 00518nam a2200193Ia 4500 | ||
|---|---|---|---|
| 008 | 180207s9999 xx 000 0 und d | ||
| 020 | _a9781575820552 | ||
| 050 | _bR313 1997 | ||
| 100 | _aReddy, Kumuda | ||
| 245 | 4 | _aThe female mouse : | |
| 245 | _ba timeless story / | ||
| 245 | _cretold by Kumuda Reddy and John Emory Pruitt ; illustrated by Vasu. | ||
| 260 | _aNew York : | ||
| 260 | _bTimeless Stories, | ||
| 260 | _c1997 | ||
| 300 | _a30 pages : | ||
| 300 | _bcolor illustration ; | ||
| 300 | _c28cm. | ||
| 999 |
_c355496 _d355496 |
||